[Event "MK Cafe Cup-A"]
[Site "Koszalin"]
[Date "1999.08.07"]
[Round "5"]
[White "Socko, Monika"]
[Black "Lerner, Konstantin Z"]
[Result "0-1"]
[WhiteElo "2438"]
[BlackElo "2588"]
[Annotator "Hecht,H"]
[PlyCount "112"]
[EventDate "1999.08.03"]
[EventType "swiss"]
[EventRounds "9"]
[EventCountry "POL"]
[SourceTitle "CBM 073"]
[Source "ChessBase"]
[SourceDate "1999.12.01"]
[SourceVersion "1"]
[SourceVersionDate "1999.12.01"]
[SourceQuality "1"]

1. d4 Nf6 2. Nf3 e6 3. c4 b6 4. g3 Ba6 5. Qb3 Nc6 6. Bd2 Bb7 7. d5 exd5 8. cxd5
Ne7 9. d6 cxd6 10. Bg2 Nc6 11. O-O Be7 12. Nc3 O-O 13. Rad1 Rc8 14. Qc2 a6 15.
Bf4 Qc7 16. Qf5 g6 17. Qd3 Nb4 18. Qd4 Nbd5 19. Nxd5 Nxd5 20. Bh6 Bf6 21. Qd2
Rfe8 22. Ng5 Ne7 23. e4 Bg7 24. Bxg7 Kxg7 25. Rc1 Bc6 26. Qd4+ f6 27. f4 Ng8
28. h4 Qd8 29. h5 Bb5 30. Rfe1 Rc5 31. b4 Rxc1 32. Rxc1 Bc6 33. hxg6 hxg6 34.
Kf2 Nh6 35. Bf3 Qe7 36. Rh1 Rh8 37. Re1 b5 38. a3 Kg8 39. Nh3 Qe6 40. Ng1 Ng4+
41. Bxg4 Qxg4 42. Nf3 Rh3 43. Rg1 Qe6 44. Re1 Kf7 45. Qe3 Rh8 46. Nh4 Qc4 47.
Qd2 Re8 48. Qxd6 Rxe4 49. Rxe4 Qxe4 50. Qc5 Qd3 51. Qe3 Qxe3+ 52. Kxe3 {
[#] Schwarz hat zwar den "schlechten" Läufer, doch der kreist den weißen
Springer ein.} f5 $1 53. Kd4 {Der Übergang ins Bauernendspiel verliert:} (53.
Nf3 Bxf3 54. Kxf3 Ke6 55. Ke3 Kd5 56. Kd3 d6 $22 {Das entscheidende
Reservetempo entscheidet für Schwarz.}) 53... Kf6 54. Kc5 g5 55. fxg5+ Kxg5 56.
Kd6 (56. Kb6 f4 57. gxf4+ Kxh4 58. Kxa6 Kg4 $19 {da der schlechte Läufer seine
Stärke ausspielt, nämlich seine eigenen Bauern decken zu können.}) 56... f4 0-1

[Event "Sonnevanck 5th"]
[Site "Wijk aan Zee"]
[Date "1995.??.??"]
[Round "1"]
[White "Wells, Peter K"]
[Black "Van den Doel, Erik"]
[Result "1-0"]
[WhiteElo "2530"]
[BlackElo "2305"]
[Annotator "Hecht,H"]
[PlyCount "135"]
[EventDate "1995.02.??"]
[EventType "tourn"]
[EventRounds "9"]
[EventCountry "NED"]
[EventCategory "9"]
[SourceTitle "CBM 046"]
[Source "ChessBase"]
[SourceDate "1995.06.01"]
[SourceVersion "1"]
[SourceVersionDate "1995.06.01"]
[SourceQuality "1"]

1. d4 Nf6 2. c4 e6 3. Nf3 b6 4. g3 Ba6 5. b3 Bb4+ 6. Bd2 Be7 7. Bg2 c6 8. O-O
O-O 9. Bc3 d5 10. Ne5 Nfd7 11. Nxd7 Nxd7 12. Nd2 Rc8 13. e4 c5 14. exd5 exd5
15. dxc5 dxc4 16. c6 cxb3 17. Re1 Bb5 18. axb3 Bxc6 19. Bxc6 Rxc6 20. Rxa7 Rxc3
21. Nb1 Rc7 22. Rxc7 Qxc7 23. Rxe7 Rd8 24. Qd5 Kh8 25. Qxf7 Qc1+ 26. Kg2 Qc6+
27. f3 Qc2+ 28. Kh3 Rg8 29. Na3 Qc1 30. Rxd7 Qxa3 31. Qd5 h6 32. f4 Qc5 33.
Qxc5 bxc5 34. Rd3 Rb8 35. Kg4 {Weiß sucht den Gewinn am Q-Flügel. Gute Technik!
} Rb5 36. Kf3 Rb4 37. Rc3 Kg8 38. Ke3 Kf7 39. Kd3 Ke6 40. Kc2 Kd5 41. Rd3+ Ke6
42. Re3+ Kf6 43. Rc3 Rb5 44. Rd3 Ke6 45. Re3+ Kf6 46. Kc3 Rb4 (46... h5 47. Kc4
Ra5 48. Re5 $18) 47. Re5 Rb5 48. h4 {Raumgewinn am K-Flügel !} g6 49. g4 Kf7
50. g5 hxg5 51. hxg5 Kf8 52. Re6 Kf7 53. Rf6+ Kg7 54. Rc6 Kf7 55. Ra6 Rb4 56.
Ra4 Rb6 (56... Rb5 57. Kc4 Rb7 58. Ra5 Rb4+ 59. Kc3 Rxf4 60. Rxc5 Ke6 61. b4
Kd6 62. Kb3 Rf1 63. Ka4 Ra1+ 64. Kb5 Ke6 65. Kc6 $18) 57. Ra5 Rb4 58. Rxc5 Rxf4
59. b4 $5 (59. Re5 $142 $1 {vertikale Sperre!}) 59... Ke7 (59... Ke6 60. Rc6+
Kf5 61. Rf6+ Kxg5 62. Rxf4 Kxf4 63. Kd4 Kf5 64. Kd5 Kf6 65. Kd6 g5 (65... Kf7
66. b5 Ke8 67. b6 Kd8 68. b7 $18) 66. b5 g4 67. b6 g3 68. b7 g2 69. b8=Q g1=Q
70. Qf8+ Kg5 71. Qg7+ $18) 60. Rc6 Kf7 61. b5 Rg4 62. Rc5 Ke7 63. b6 Rg1 64.
Rb5 Rc1+ 65. Kd3 Rc8 66. b7 Rb8 67. Rb6 Kd8 68. Rxg6 (68. Rxg6 Rxb7 69. Rg8+
Kc7 70. Rg7+ $18) 1-0

[Event "EU-ch 2nd"]
[Site "Ohrid"]
[Date "2001.06.13"]
[Round "12"]
[White "Gyimesi, Zoltan"]
[Black "Cvitan, Ognjen"]
[Result "1/2-1/2"]
[WhiteElo "2571"]
[BlackElo "2526"]
[Annotator "Hecht,H"]
[PlyCount "160"]
[EventDate "2001.06.01"]
[EventType "swiss"]
[EventRounds "13"]
[EventCountry "YUG"]
[SourceTitle "CBM 084"]
[Source "ChessBase"]
[SourceDate "2001.09.13"]
[SourceVersion "1"]
[SourceVersionDate "2001.09.13"]
[SourceQuality "1"]

1. d4 Nf6 2. c4 e6 3. Nf3 b6 4. g3 Ba6 5. b3 Bb4+ 6. Bd2 Be7 7. Bg2 c6 8. Bc3
d5 9. Nbd2 Nbd7 10. O-O O-O 11. Re1 c5 12. e4 dxe4 13. Nxe4 Nxe4 14. Rxe4 Bb7
15. Re3 Nf6 16. Ne5 cxd4 17. Bxd4 Bxg2 18. Kxg2 Rc8 19. Ng4 Rc7 20. Nxf6+ Bxf6
21. Bxf6 Qxf6 22. Rd3 Rcc8 23. Rc1 Rcd8 24. c5 bxc5 25. Rxc5 Qe7 26. Rcc3 h6
27. Qf3 e5 28. Rc4 Rxd3 29. Qxd3 f5 30. Qd5+ Rf7 31. h4 h5 32. Rc5 e4 33. Rc8+
Kh7 34. Qd1 g6 35. Qd4 Rg7 36. Rc5 Qb7 37. Qd5 Qe7 38. Rc6 e3 39. Re6 e2 40.
Qe5 Qb7+ 41. Kh2 f4 42. Qxe2 fxg3+ 43. fxg3 Rf7 44. Qc2 Rf5 45. Rc6 Qg7 46. Rc7
Rf2+ 47. Qxf2 Qxc7 48. b4 Qd7 49. Qc2 Qb5 50. Qc7+ Kh6 51. Qf4+ Kh7 52. Qf7+
Kh6 53. Qf8+ Kh7 54. Qe7+ Kg8 55. a3 a6 56. Qd8+ Kf7 57. Qd2 Qa4 58. Qc3 Qb5
59. Qe3 Kg7 60. Qe7+ Kg8 61. Qe6+ Kh7 62. Qe7+ Kg8 63. Qe4 Kh7 64. Kg2 a5 65.
Kf2 axb4 66. axb4 Kg7 67. Ke3 Kf7 68. Kd2 Qa4 69. Qd5+ Kf6 70. Qd6+ Kf5 71. Kc3
Qa3+ 72. Kc4 Qa4 73. Kc5 Qc2+ 74. Kb6 Kg4 $5 75. b5 $2 (75. Qd7+ $1 Qf5 (75...
Kxg3 76. Qc7+ Qxc7+ 77. Kxc7 $18) (75... Kf3 76. Qc6+ Qxc6+ 77. Kxc6 $18) 76.
Qxf5+ gxf5 77. b5 Kxg3 78. Kc5 $1 f4 79. b6 f3 80. b7 f2 81. b8=Q+ Kg2 82. Qg8+
Kh2 83. Qc4 Kg2 84. Kd4 $1 f1=Q 85. Qxf1+ Kxf1 86. Ke3 $3 {mit entscheidendem
Tempogewinn.}) 75... Kh3 {Schwarz hat sich nun ordentlich auf h3 versteckt,
was die weißen Gegenschachchancen drastisch verringert.} 76. Qe5 Qc4 77. Kb7
Qf7+ 78. Kc6 Qf3+ 79. Kd6 Qf8+ 80. Ke6 $2 ({Andere Versuche sollen die
Schwierigkeiten verdeutlichen, die Weiß mit dem Gewinnen hat:} 80. Kc6 Qf3+ 81.
Kb6 Qf2+ 82. Ka6 Qa2+ 83. Kb7 Qf7+ 84. Qc7 Qd5+ 85. Qc6 Qb3 (85... Qf7+ $5 86.
Kb8 Qf5 87. Qc8 (87. b6 Kxg3 88. Qd6+ Kxh4 89. b7 g5) 87... Kxg3 88. Qxf5 gxf5
89. b6 f4 90. b7 f3 91. Kc8 f2 92. b8=Q+ Kg2 93. Qb7+ Kh2 94. Qf3 Kg1 95. Qxh5
f1=Q $11) 86. b6 Kxg3 87. Qxg6+ Kxh4 88. Qe4+ Kg3 89. Kc6 Qc3+ 90. Kb5) 80...
Qe8+ $1 {und der König kann sich nicht mehr von der Dame lösen.} 1/2-1/2

[Event "Linares zt"]
[Site "Linares"]
[Date "1995.??.??"]
[Round "7"]
[White "Van der Sterren, Paul"]
[Black "Wells, Peter K"]
[Result "1/2-1/2"]
[WhiteElo "2545"]
[BlackElo "2545"]
[Annotator "Hecht,H"]
[PlyCount "137"]
[EventDate "1995.11.??"]
[EventType "swiss"]
[EventRounds "11"]
[EventCountry "ESP"]
[SourceTitle "CBM 051"]
[Source "ChessBase"]
[SourceDate "1996.04.01"]
[SourceVersion "1"]
[SourceVersionDate "1996.04.01"]
[SourceQuality "1"]

1. d4 Nf6 2. c4 e6 3. Nf3 b6 4. g3 Ba6 5. b3 Bb4+ 6. Bd2 Be7 7. Bg2 c6 8. Bc3
d5 9. Ne5 Nfd7 10. Nxd7 Nxd7 11. Nd2 O-O 12. O-O f5 13. Bb2 Nf6 14. Nf3 Rc8 15.
Rc1 Bd6 16. Ne5 Qe7 17. Nd3 Ne4 18. f3 Nf6 19. c5 Bb8 20. Qd2 Nd7 21. cxb6 axb6
22. e4 f4 23. e5 c5 24. Ba3 Qf7 25. Rfe1 fxg3 26. hxg3 Qg6 27. Nf4 Qxg3 28.
Nxe6 Rfe8 29. Qg5 Qxg5 30. Nxg5 cxd4 31. f4 Bb7 32. Rxc8 Rxc8 33. Bh3 Nc5 34.
Bxc8 Bxc8 35. e6 Kf8 36. Nxh7+ Ke8 37. f5 Ne4 38. Bb2 Be5 39. Rd1 Nc3 40. Re1
Bg3 41. f6 gxf6 42. Bxc3 dxc3 43. Nxf6+ Ke7 44. Nxd5+ Kd6 45. e7 Bd7 46. e8=Q
Bxe8 47. Rxe8 Kxd5 {T-L: Abwicklung in 1-1B auf der b-Linie, theoertische
Remisposition} 48. Kf1 b5 49. a3 Bd6 50. Rc8 Bxa3 51. Rxc3 Kd4 52. Rc8 Kd3 53.
Ke1 Be7 54. Kd1 Ba3 55. Rc7 Bb2 56. Rh7 Kc3 57. Rh3+ Kb4 58. Kc2 Bf6 59. Rf3
Bg7 60. Rf4+ Ka3 61. Rf5 Kb4 62. Rg5 Bf6 63. Rg8 Ka3 64. Rg4 Bh8 65. Rf4 Bg7
66. Rh4 Bf6 67. Rh7 Kb4 68. Rh5 Bg7 69. Rf5 1/2-1/2

[Event "GER-ch 70th"]
[Site "Bremen"]
[Date "1998.11.07"]
[Round "2"]
[White "Hertneck, Gerald"]
[Black "Enders, Peter"]
[Result "0-1"]
[WhiteElo "2555"]
[BlackElo "2485"]
[Annotator "Hertneck,G"]
[PlyCount "62"]
[EventDate "1998.11.06"]
[EventType "swiss"]
[EventRounds "9"]
[EventCountry "GER"]
[SourceTitle "CBM 068"]
[Source "ChessBase"]
[SourceDate "1999.02.01"]
[SourceVersion "1"]
[SourceVersionDate "1999.02.01"]
[SourceQuality "1"]

{[%mdl 705]} 1. d4 {Avrukh,B} Nf6 2. c4 e6 3. Nf3 b6 4. g3 Ba6 5. b3 Bb4+ 6.
Bd2 Be7 7. Bg2 d5 8. cxd5 exd5 9. O-O O-O 10. Re1 $6 (10. Nc3) 10... Bb7 11.
Bf4 Na6 12. a3 $5 {'?!' Avrukh,B. Avrukh,B: 'White decided to bring his rook
into the game this way?.Knight on b1 stay out the game for a long time.Another
and may be better possibility was :' Der Auftakt zu einem sehr interessanten
Plan. Weiß möchte sich noch nicht festlegen, ob er den Damenspringer nach c3
oder d2 entwickelt, und bringt daher erst einmal den Turm über a2 ins Spiel!} (
12. Nc3 {Avrukh,B} Bb4 $1 (12... c5 13. Rc1 Nc7 14. Be5 Ne6 15. Nh4 Ng4 (15...
Nxd4 $6 16. Bxd4 cxd4 17. Nb5 Ne4 (17... a6 18. Nxd4 $14 {[%csl Gb7,Gd4,Rd5,
Ge7][%cal Gh4f5]}) 18. Nf5 Bb4 19. Qxd4 Qg5 20. Qxb4 Qxf5 21. Qd4 $14 {[%csl
Rd5]}) 16. Nf5 Re8 17. Bxd5 $5 Nxf2 (17... Bxd5 $2 18. Nxd5 Qxd5 19. e4 $16)
18. Kxf2 Bxd5 19. Nxd5 Qxd5 20. e4 $36)) 12... c5 13. Ra2 Nc7 14. dxc5 bxc5 15.
e3 (15. Nc3 {Avrukh,B} d4 16. Na4 Ncd5 $17 {[%csl Rc3][%cal Gf6e4,Gb7c6,Gc6a4]}
) 15... Ne6 16. Be5 {Meiner Meinung nach steht Weiß klar besser, weil die
hängenden Bauern sehr anfällig sind} Qb6 {'?!' Avrukh,B.} (16... Ne4 $142 {
Avrukh,B} 17. Nfd2 f5 $15 (17... f6 18. Ba1 f5 {Also deserve attention.})) 17.
Nh4 (17. Nc3 Rfd8) 17... g6 {Schwarz ist bereit, einen Bauern zu opfern, damit
der Springer nicht nach f5 gelangt} 18. Bxf6 $2 (18. Nc3 Rad8 $1 (18... d4 19.
Na4 Qb5 20. exd4 cxd4 21. Bxd4 Bxg2 22. Nxg2 Rad8 (22... Nxd4 23. Qxd4 $16) (
22... Rfd8 23. Rd2 Rxd4 24. Rxd4 Nxd4 25. Qxd4 Rd8 26. Qh4 $16) 23. Rd2) (18...
Nd7 $2 19. Nxd5 Bxd5 20. Qxd5 Nxe5 21. Qxe5 Qxb3 22. Rb2 $16 {[%csl Ra8]}) (
18... Rfd8 $2 19. Bxf6 Bxf6 20. Nxd5 Bxd5 21. Bxd5 Nc7 22. Rd2 Bc3 23. Ree2 $1
Bxd2 24. Bxa8 $16) 19. Bxf6 (19. Rd2 Nd7) 19... Bxf6 20. Nxd5 Bxd5 21. Bxd5 Qd6
(21... Nc7 {Avrukh,B} 22. e4 (22. Rd2 $2 Bc3 $17) 22... Bxh4 23. gxh4 Qf6 24.
Rc2 Qxh4 25. Rxc5 Ne6 $40 {Unclear position.White have a pawn more ,but knight
and queen, as known,are very strong piecies in attack.}) 22. e4 Bxh4 23. gxh4
Qf4) 18... Bxf6 19. Bxd5 {Übersieht eine wichtige Verteidigungsressource} Bxd5
$2 (19... Rad8 $1 20. Rd2 Bxd5 21. Rxd5 Rxd5 22. Qxd5 Rb8 $1 {Fritz} (22...
Bxh4 23. gxh4 Rb8 24. Qe5 Qxb3 25. Nc3) 23. Nf3 Qxb3 24. Qxb3 Rxb3 25. Kf1 {
mit schlechterem aber vielleicht noch haltbarem Endspiel für Weiß}) 20. Qxd5
Rad8 {Avrukh,B: '.'} (20... Bxh4 21. gxh4 Rfd8 22. Qc4) 21. Qc4 Qb7 (21... Qc6
22. Nd2 Ng5 23. f3 Rd7 24. Rc2 Rfd8 25. Re2 Rd3) 22. Nd2 Ng5 23. e4 {e4 oder
f3, das ist hier die Frage. Beide Züge haben Vor- und Nachteile} (23. f3 Rd5 (
23... Ne6 $13 {Avrukh,B} 24. Ng2 (24. Rc2 Rd5 25. Ne4 Bg7 $132) 24... Ng5 25.
Rf1 Rd7 $44) 24. Re2 Rfd8 25. Rc2 Qe7) 23... Rd4 24. Qxc5 $2 {'??' Avrukh,B.
Merkwürdigerweise gewinnt Schwarz nach diesem zweiten Bauernraub fast forciert}
(24. Qe2 Rfd8 25. Nhf3 Nxf3+ 26. Nxf3 Rd3 (26... Rd3 {Avrukh,B} 27. e5 $11))
24... Rc8 25. Qa5 Ne6 $1 {Das ist die Pointe. Die Drohung Tc5 ist nur unter
schweren Zugeständnissen abzuwehren} (25... Nxe4 26. Nhf3 Rxd2 (26... Rc5 27.
Nxe4 Rxa5 28. Nxf6+ Kh8 29. Nxd4 Qb6 30. b4 Ra4 31. Nf5 gxf5 32. Nd7 Qd4 33.
Rae2 (33. Nc5)) (26... Rd5 27. Qb4 Qxb4 28. axb4 Nxd2 29. Nxd2 Rc7) 27. Rxd2
Nxd2 28. Nxd2 Bc3 29. Qg5 Bxd2 30. Qxd2 Qxb3) 26. b4 {'[]' Avrukh,B.} (26. Ng2
{Avrukh,B} Rc5 $1 $19 {Mate to queen!}) 26... Bxh4 {Schwarz steht trotz der
materiellen Einbußen auf Gewinn, da die Da5 nicht mehr rechtzeitig zur
Verteidigung auf den Königsflügel zurückkehren kann} (26... Bd8 27. Qa4 (27.
Qe5 Qd7 28. Nb3 f6) 27... Bxh4 28. gxh4 Rcd8) 27. gxh4 Rcd8 28. b5 $2 (28. Nf1
Nf4 (28... Rxe4 $2 29. Rae2 Rxe2 30. Rxe2 Rd1 31. Rd2) 29. Rc2 Qd7 30. Rc3 Qg4+
31. Rg3 Ne2+ 32. Rxe2 Qxe2) 28... Nf4 29. Nf1 {'?' Avrukh,B.} (29. f3 {Avrukh,B
} Qe7 30. Nf1 Qxh4 31. Ng3 Nh3+ 32. Kh1 Rd1 33. Rg2 Ng5 $17) 29... Nh3+ 30. Kg2
$2 (30. Kh1 {war die letzte Chance, aber hier war ich nach der Serie der
vorangegangen Keulenschläge schon etwas groggy} Rxe4 31. f3 Rxe1 (31... Ree8
32. Re3 Rb8 33. Rae2 Rxe3 34. Rxe3 Qxb5 35. Qxb5 Rxb5) 32. Qxd8+ Kg7 33. Qd4+
f6 34. Kg2 Rxf1 35. Kxf1 Qxf3+ 36. Rf2 Qxf2+ 37. Qxf2 Nxf2 38. Kxf2 Kf7 39. Ke3
(39. h5 Ke6 40. hxg6 hxg6) 39... Ke6 40. Kd4 Kd6 41. a4 h6 42. a5 f5) 30...
Rxe4 31. Kg3 $2 (31. f3 Rg4+ (31... Nf4+ {Avrukh,B} 32. Kg1 Red4 $19) 32. Ng3
Nf4+ 33. Kf2 Rd3 34. Re3 Qd5) 31... Rg4+ 0-1

[Event "San Francisco"]
[Site "San Francisco"]
[Date "1995.??.??"]
[Round "1"]
[White "Browne, Walter Shawn"]
[Black "Huebner, Robert"]
[Result "1/2-1/2"]
[WhiteElo "2560"]
[BlackElo "2620"]
[Annotator "Huebner,R"]
[PlyCount "77"]
[EventDate "1995.??.??"]
[EventType "game"]
[EventCountry "ARG"]
[SourceTitle "CBM 046"]
[Source "ChessBase"]
[SourceDate "1995.06.01"]
[SourceVersion "1"]
[SourceVersionDate "1995.06.01"]
[SourceQuality "1"]

1. d4 Nf6 2. c4 e6 3. Nf3 b6 4. g3 Ba6 5. Nbd2 d5 6. cxd5 exd5 7. Bg2 Be7 8.
Ne5 O-O 9. O-O Bb7 $6 (9... c5 $142 $10) 10. b3 c5 11. Bb2 Nc6 12. Nxc6 Bxc6
13. Rc1 {/\ 14.dc5 bc5 (14...Bc5 15.b4) 15.Bf6+/-} Bb7 (13... Rc8 14. dxc5 Bxc5
15. Nf3 Ne4 16. Nd4 Bd7 (16... Bb7 17. Bh3) 17. e3 $14) 14. dxc5 Bxc5 (14...
bxc5 $2 15. Bxf6 $16) 15. Nf3 Ne4 16. Ne5 (16. Nd4 Qf6 $10 17. e3 $140 Ba6)
16... Qe7 17. Nd3 Rac8 (17... Ba3 $2 18. Bxa3 Qxa3 19. Rc7 $16) (17... Rfd8 18.
Nxc5 bxc5 19. e3 Rac8 20. Qg4 $14) 18. Nxc5 bxc5 19. e3 (19. Ba3 Rfd8 (19... d4
$2 20. Qxd4) 20. Qc2 d4 {/\ 21...Nc3} 21. Bxe4 Bxe4 22. Bxc5 Bxc2 (22... Qe5
23. Bxd4) 23. Bxe7 Re8 {/\ 24...Re2}) 19... Qe6 (19... Rfd8 $5) 20. Rc2 {
/\ 21.Qa1 f6 22.Rfc1; 21.Qc2!?} Ba6 21. Re1 Rfd8 22. f3 (22. Qa1 Bd3 23. Rcc1
f6 (23... Qf5 24. Bxg7 Qxf2+ 25. Kh1 $13) 24. Rcd1 Bc2 25. Rc1 Bd3 $10) 22...
Nd6 $5 (22... Nf6 23. Qc1 Nd7 $14) 23. Rxc5 (23. Qc1 c4 24. Bd4 Nb5 $10) 23...
Rxc5 24. Qd4 Qf6 25. Qxc5 Qxb2 26. Qa5 Re8 27. Qxa6 Qc3 $8 (27... Nf5 $2 28.
Qd3 Nxe3 29. Rxe3 Qc1+ 30. Kf2 $18) 28. Re2 (28. Kf2 d4 29. Qxd6 (29. e4 Re6
$36) 29... dxe3+ 30. Kf1 Qc2 31. Re2 (31. Rxe3 $2 Qc1+ $19) 31... Qc1+ 32. Re1
Qc2 $10) 28... Nf5 29. Qb5 Rd8 (29... Kf8 $6 30. Qxd5 Qc1+ (30... Nxe3 31. Qd2
$16) 31. Kf2 Nxe3 32. Qd2 Nd1+ 33. Ke1 (33. Kg1 $2 Nc3+) 33... Rxe2+ 34. Kxe2
Nc3+ 35. Kd3 Qxd2+ 36. Kxd2 Nxa2 37. Kd3 Ke7 38. Kc4 Kd6 39. f4 $16) 30. Kf2 d4
31. Qxf5 (31. exd4 $2 Qxd4+ 32. Ke1 (32. Kf1 Ne3+ 33. Kg1 Ng4+ $19) 32... Qg1+
33. Bf1 Ne3 34. Rd2 Rc8) 31... d3 32. Re1 g6 33. Qe4 Qd2+ 34. Kf1 Rc8 35. Bh3 (
35. f4 Rc1 36. Qe8+ Kg7 37. Qe5+ Kg8 38. Rxc1 Qxc1+ 39. Kf2 Qc2+ (39... Qd2+
40. Kf3 Qe2+ 41. Ke4 $16 d2 42. Bf3) 40. Kg1 (40. Kf3 d2) 40... Qc1+ $10 {
41.Bf1 d2}) 35... Rc2 (35... Rc1 $10) 36. Qe8+ Kg7 37. Qe5+ Kg8 (37... f6 $2
38. Qe7+ Kh6 (38... Kg8 39. Be6+) 39. Qf8+ Kg5 40. f4+ Kh5 41. g4+ Kh4 42. Qh6#
) (37... Kf8 38. Qh8+ Ke7 39. Qe5+ Kf8 (39... Kd8 40. Qd6+ Ke8 41. Bd7+ $18)
40. Qh8+ $10) 38. Qe8+ Kg7 39. Qe5+ 1/2-1/2

[Event "Tilburg"]
[Site "Tilburg"]
[Date "1993.??.??"]
[Round "3"]
[White "Jussupow, Artur"]
[Black "Lutz, Christopher"]
[Result "1-0"]
[WhiteElo "2630"]
[BlackElo "2605"]
[Annotator "Jussupow,A"]
[PlyCount "85"]
[EventDate "1993.11.??"]
[EventType "k.o."]
[EventRounds "7"]
[EventCountry "NED"]
[SourceTitle "CBM 039"]
[Source "ChessBase"]
[SourceDate "1994.04.01"]
[SourceVersion "1"]
[SourceVersionDate "1994.04.01"]
[SourceQuality "1"]

1. d4 Nf6 2. c4 e6 3. Nf3 b6 4. g3 Ba6 5. Nbd2 Bb4 6. Qc2 b5 7. c5 $5 $146 (7.
cxb5 Bxb5 8. e4 (8. Bg2 d5 9. a3 Bd6 10. Nb1 Ne4 {(Ftacnik-Lobron/Bl/1992/-56/
597)} 11. Ne5 $1 $14 {Ftacnik}) 8... Bxf1 9. Kxf1 Be7 10. Kg2 d5 11. e5 Nfd7
12. Nb3 a5 13. Be3 a4 14. Nc1 c6 15. Nd3 Qa5 16. h4 Qb5 $10 {Ftacnik-Rajkovic/
Bl/1990}) (7. b3 Bb7 8. Bg2 Be4 9. Qb2 bxc4 10. bxc4 Nc6 11. O-O Bxd2 12. Qxd2
$14 {Van Wely-Christiansen/Wijk an Zee/1993/-56/598}) (7. Bg2 bxc4 8. Ne5 Nd5
9. O-O O-O 10. Ndxc4 Be7 11. Bd2 f6 12. Nd3 Nc6 13. Qa4 $14 {Costisa-Rajkovic/
Yugoslavia/tch/1990}) 7... Bb7 $1 8. Bg2 Be4 (8... d6 9. cxd6 cxd6 10. Qb3 $16)
9. Qb3 Nc6 10. O-O Bxd2 11. Bxd2 Rb8 12. Bg5 $5 (12. Qe3 $5 {/\Ne5}) 12... h6 (
12... O-O 13. Qe3 $14) (12... Bxf3 $2 13. Qxf3 Nxd4 14. Qd3 $40) 13. Bxf6 Qxf6
14. Rfd1 $1 $14 d5 (14... Bxf3 $5 15. Qxf3 $14) 15. cxd6 cxd6 16. Qe3 (16. Rac1
$5) 16... Bd5 17. Qd3 Bc4 $6 (17... Qg6 $142 $1 $14) 18. Qc2 {/\b3,e4} a5 $1
19. e4 d5 20. Ne5 $1 $16 (20. b3 dxe4) 20... Nxd4 (20... Nxe5 21. dxe5 Qxe5 22.
b3 $16) 21. Rxd4 Qxe5 22. Rad1 dxe4 $6 (22... O-O $5 23. b3 Rfc8 $16) 23. Rxe4
Qf5 24. g4 $1 Qg5 25. h4 Qxh4 26. b3 $16 O-O 27. bxc4 bxc4 28. Rxc4 Rfd8 29.
Rxd8+ Qxd8 $6 (29... Rxd8 $142) 30. Be4 $1 h5 $6 $138 31. gxh5 Qg5+ 32. Kf1 f5
33. Rc8+ Rxc8 34. Qxc8+ Kh7 35. Bf3 $18 Qf6 36. a4 Kh6 37. Qc1+ Kh7 38. Qe1 e5
39. Qxa5 e4 40. Be2 Qa1+ 41. Kg2 Qf6 42. Qa6 Qg5+ 43. Kh3 {Yusupov} 1-0

[Event "Hamburg SKA"]
[Site "Hamburg"]
[Date "1991.06.28"]
[Round "2"]
[White "Jussupow, Artur"]
[Black "Bischoff, Klaus"]
[Result "1-0"]
[WhiteElo "2605"]
[BlackElo "2495"]
[Annotator "Jussupow,A"]
[PlyCount "73"]
[EventDate "1991.06.27"]
[EventType "tourn"]
[EventRounds "13"]
[EventCountry "GER"]
[EventCategory "11"]
[SourceTitle "CBM 024"]
[Source "ChessBase"]
[SourceDate "1991.10.01"]
[SourceVersion "1"]
[SourceVersionDate "1991.10.01"]
[SourceQuality "1"]

1. d4 e6 2. c4 Nf6 3. Nf3 b6 4. g3 Ba6 5. b3 Bb7 6. Bg2 Bb4+ 7. Bd2 Be7 8. O-O
O-O 9. Nc3 Na6 10. Rc1 c5 11. Bf4 d5 (11... d6 12. d5 exd5 13. cxd5 b5 14. Nxb5
$14) 12. Ne5 h6 (12... Nc7 $5) (12... Ne4 13. cxd5 exd5 14. dxc5 Naxc5 $14) 13.
cxd5 exd5 14. Nd3 $1 $14 cxd4 15. Nb5 Nc5 (15... Bc5 16. Be5 $14) 16. Nxd4 a5 (
16... Re8 $142 17. Nb5 Ne6 18. Bc7 $140 Qd7 19. a4 Nc5) 17. Nf5 Re8 18. Be3
Nfe4 19. Nxe7+ Qxe7 20. Nf4 (20. Bxe4 $2 Nxe4 21. Bxb6 Qf6 $40) (20. Bxc5 Nxc5
21. Nxc5 bxc5 22. Bxd5 Bxd5 23. Qxd5 Qxe2 24. Rxc5 Rad8 $14) 20... Qd6 21. Bd4
Rad8 22. Rc2 Ng5 23. Bxc5 $16 bxc5 24. Qc1 Ne4 25. Nd3 Rc8 $2 (25... d4 26.
Bxe4 Bxe4 27. Rxc5 $16) 26. Bxe4 dxe4 27. Nxc5 Qc6 28. Qe3 $18 Ba8 29. Rfc1
Rcd8 30. Na4 Qf6 31. Rc7 Bd5 32. Nc3 Be6 33. Nxe4 Qb2 34. R7c2 Qe5 35. Rc5 Bd5
36. Nc3 Qb8 37. Qf4 $138 {Yusupov} 1-0

[Event "Candidates sf1"]
[Site "London"]
[Date "1989.??.??"]
[Round "1"]
[White "Jussupow, Artur"]
[Black "Karpov, Anatoly"]
[Result "1/2-1/2"]
[WhiteElo "2610"]
[BlackElo "2755"]
[Annotator "Jussupow,A"]
[PlyCount "87"]
[EventDate "1989.10.??"]
[EventType "match"]
[EventRounds "8"]
[EventCountry "ENG"]
[SourceTitle "Candidates"]
[Source "ChessBase"]
[SourceDate "1999.07.01"]
[SourceVersion "2"]
[SourceVersionDate "1999.07.01"]
[SourceQuality "1"]

1. d4 {Artur Yusupov} Nf6 2. c4 e6 3. Nf3 b6 4. g3 Ba6 5. b3 Bb4+ 6. Bd2 Be7 7.
Bg2 c6 8. O-O {8.Bc3 Ne4!? 9.0-0 Nc3 10.Nc3 d5 11.Ne5 -42/695} d5 9. Ne5 Nfd7
10. Nxd7 Nxd7 11. Bc3 O-O {11...dc 12.d5~/=} 12. Nd2 Nf6 $5 {12...Rc8 13.e4+/=}
13. e4 (13. Rc1 $5 $10) (13. Qc2 c5 $10) 13... b5 14. Re1 dxe4 15. Rc1 (15. Qc2
$5 $10) 15... Rc8 16. c5 b4 $1 $10 {16...Nd5+/= -47/638} 17. Bb2 $8 {17.Bb4?
Nd5-/+} Bd3 18. Nxe4 Bxe4 19. Bxe4 Qd7 (19... Nxe4 20. Rxe4 Bf6 21. Qe2 Qd5 22.
Rc4 a5 23. Bc1 {/\Bf4,Be5+/=}) 20. Rc4 $1 {/\Bc1-f4} a5 21. Bc1 Nd5 22. Bxd5 $1
{><c3} exd5 23. Rc2 Bf6 24. Rce2 Rfe8 25. Kg2 $6 (25. Bf4 Rxe2 26. Rxe2 Re8 27.
Rxe8+ Qxe8 28. Qd3 $14) 25... h5 26. h3 Rxe2 27. Rxe2 Re8 (27... Qf5 $1 $10)
28. Rxe8+ Qxe8 29. Qd3 $1 Qe1 $6 {>=29...Qc8+/=} 30. Be3 Qc3 31. Qa6 (31. Qxc3
bxc3 32. Kf3 c2 33. Ke2 Bxd4 34. Kd2 Bf6 $8 35. Kxc2 Kf8 36. Bd2 a4 $1 {
36...Bd8? 37.Kb2+-><a5,^=} 37. bxa4 Ke8 $14) 31... Bxd4 32. Bxd4 Qxd4 33. Qxc6
Qe4+ 34. Kh2 h4 $1 35. Qd6 (35. Qc8+ Kh7 36. Qg4 Qxg4 {36...hg 37.Kg3 Qe5+/=}
37. hxg4 d4 38. c6 d3 39. gxh4 d2 40. c7 d1=Q 41. c8=Q Qd6+ $10) 35... hxg3+
36. Kxg3 Qd3+ 37. Kg2 Qe4+ 38. Kh2 Qc2 39. Kg2 Qe4+ 40. Kh2 Qc2 41. Kg3 Qd3+
42. f3 Qd1 43. Qd8+ (43. c6 Qg1+ 44. Kh4 Qf2+ 45. Kg4 {45.Qg3?? g5-+} Qg2+ 46.
Qg3 Qc2 $1 $10) 43... Kh7 44. Qh4+ {Artur Yusupov} 1/2-1/2